Functional aesthetics for data visualization /

What happens when a researcher and a practitioner spend hours crammed in a Fiat discussing data visualization? Beyond creating beautiful charts, they found greater richness in the craft as an integrated whole. Drawing from their unconventional backgrounds, these two women take readers through a jour...

Full description

Bibliographic Details
Main Authors: Setlur, Vidya (Author), Cogley, Bridget (Author)
Format: eBook
Language:English
Published: Newark, NJ : John Wiley & Sons, Inc., 2022.
Subjects:
Online Access:Connect to the full text of this electronic book

MARC

Tag First Indicator Second Indicator Subfields
LEADER 00000cam a2200000 i 4500
001 in00004724921
006 m o d
007 cr cnu---unuuu
008 220528s2022 nju o 000 0 eng d
005 20260128223353.9
015 |a GBC297104  |2 bnb 
016 7 |a 020629883  |2 Uk 
020 |a 9781119810070  |q (ebook) 
020 |a 1119810078  |q (ebook) 
020 |z 9781119810087  |q (paperback) 
035 |a (OCoLC)1321806620 
037 |a 9781119810070  |b Wiley 
037 |a 9781119810087  |b O'Reilly Media 
040 |a EBLCP  |b eng  |e rda  |e pn  |c EBLCP  |d YDX  |d OCLCQ  |d UKMGB  |d OCLCF  |d N$T  |d UIU  |d ORMDA  |d UKAHL  |d OCLCQ  |d S7Z  |d OCLCQ 
049 |a TXAM 
050 4 |a QA76.9.I52  |b S48 2022 
082 0 4 |a 001.4226  |2 23/eng/20220726 
100 1 |a Setlur, Vidya,  |e author. 
245 1 0 |a Functional aesthetics for data visualization /  |c Vidya Setlur & Bridget Cogley. 
264 1 |a Newark, NJ :  |b John Wiley & Sons, Inc.,  |c 2022. 
300 |a 1 online resource (338 pages) 
336 |a text  |b txt  |2 rdacontent 
337 |a computer  |b c  |2 rdamedia 
338 |a online resource  |b cr  |2 rdacarrier 
520 |a What happens when a researcher and a practitioner spend hours crammed in a Fiat discussing data visualization? Beyond creating beautiful charts, they found greater richness in the craft as an integrated whole. Drawing from their unconventional backgrounds, these two women take readers through a journey around perception, semantics, and intent as the triad that influences visualization. This visually engaging book blends ideas from theory, academia, and practice to craft beautiful, yet meaningful visualizations and dashboards. How do you take your visualization skills to the next level? The book is perfect for analysts, research and data scientists, journalists, and business professionals. Functional Aesthetics for Data Visualization is also an indispensable resource for just about anyone curious about seeing and understanding data. Think of it as a coffee book for the data geek in you. https://www.functionalaestheticsbook.com. 
650 0 |a Information visualization. 
650 0 |a Aesthetics. 
650 7 |a Aesthetics.  |2 fast  |0 (OCoLC)fst00798702 
650 7 |a Information visualization.  |2 fast  |0 (OCoLC)fst00973185 
655 7 |a Electronic books.  |2 local 
700 1 |a Cogley, Bridget,  |e author. 
776 0 8 |i Print version:  |a Setlur, Vidya.  |t Functional aesthetics for data visualization.  |d Hoboken, New Jersey : John Wiley & Sons, Inc., 2022  |z 1119810086  |w (DLC) 2022930202  |w (OCoLC)1227692161 
856 4 0 |u https://proxy.library.tamu.edu/login?url=https://go.oreilly.com/TAMU/library/view/-/9781119810087/?ar  |z Connect to the full text of this electronic book  |t 0 
955 |a Safari/O'Reilly ebooks 
994 |a 92  |b TXA 
999 f f |s 703493b9-6ee8-4ea0-a27f-80964f02cc65  |i dd2c4578-6592-45bb-a207-548afd9683e5  |t 0 
952 f f |a Texas A&M University  |b College Station  |c Electronic Resources  |s www_evans  |d Available Online  |t 0  |e QA76.9.I52 S48 2022  |h Library of Congress classification 
998 f f |a QA76.9.I52 S48 2022  |t 0  |l Available Online